000 01836nam a2200301Ia 4500
999 _c41379
_d41379
001 8040
003 GE_BSU
005 20211116124942.0
008 181216s2013||||ge |||||||||||||| ||geo||
020 _a9789941181726
040 _cGE_BSU
041 _ageo
080 _a342.4(479.22) ს–94
245 _aსუპერსაპრეზიდენტოდან საპარლამენტომდე :
_bსაკონსტიტუციო ცვლილებები საქართველოში : სტატიების კრებული /
_cსამეცნ. რედ.: გია ნოდია, დავით აფრასიძე.
264 _aთბილისი :
_bილიას სახ–ფო უნ–ტი,
_c2013.
300 _a180 გვ.;
_b20 სმ.
504 _a ბიბლიოგრ. ტექსტის შენიშვნ.
653 _aსაქართველოს კონსტიტუცია
653 _aსაკონსტიტუციო ცვლილებები საქართველოში
653 _aსაქართველოს აღმასრულებელი ხელისუფლება
653 _aსაქართველოს საკანონმდებლო ძალაუფლება
700 _aნოდია, გია
_eავტორი
_96158
700 _aაფრასიძე, დავით
_eავტორი
_96159
700 _aდემეტრაშვილი, ავთანდილ და სხვ.
_eავტორი
_96160
700 _aნოდია, გია
_eსამეცნ.რედ.
_96158
700 _aაფრასიძე, დავით
_eსამეცნ. რედ.
_96159
942 _cBK
_2udc